K problematice zakládání a rozvoje malých a středních podniků.

Funkcie malých a stredných podnikov v ekonomike. Vývoj počtu registrovaných súkromných podnikateľov v ČSFR za roky 1987-1991. Nedostatok vlastného kapitálu a obmedzený prístup k finančným zdrojom ako jedna z prekážok rýchlejšieho rozvoja. Charakteristika štyroch programov schválených vládou na podpo...

Full description

Saved in:
Bibliographic Details
Main Author: Bouše, V.
Format: Book Chapter
Language:Czech
Subjects:
Tags: Add Tag
No Tags, Be the first to tag this record!

MARC

LEADER 00000naa a2200000 4500
001 r009537
005 20220831090520.0
041 0 |a cze 
044 |a [CS] 
245 1 0 |a K problematice zakládání a rozvoje malých a středních podniků.  |c V. Bouše 
520 |a Funkcie malých a stredných podnikov v ekonomike. Vývoj počtu registrovaných súkromných podnikateľov v ČSFR za roky 1987-1991. Nedostatok vlastného kapitálu a obmedzený prístup k finančným zdrojom ako jedna z prekážok rýchlejšieho rozvoja. Charakteristika štyroch programov schválených vládou na podporu podnikateľov. Nedostatky v legislatívnej a fiškálnej oblasti. Odstraňovanie bariér rozvoja. 
610 2 0 |a podnik malý 
610 2 0 |a podnik stredný 
610 2 0 |a podnikanie súkromné 
610 2 0 |a ČSFR 
610 2 0 |a 1987-1991 
610 2 0 |a programy vládne 
610 2 0 |a podnikatelia 
100 1 |a Bouše, V.